LEADER 01572nam0-22005291i-450- 001 990003792290403321 005 20120504200333.0 010 $a88-220-6122-5 035 $a000379229 035 $aFED01000379229 035 $a(Aleph)000379229FED01 035 $a000379229 100 $a20120504d1991----km-y0itay50------ba 101 0 $aita 102 $aIT 105 $ay-------001yy 200 1 $aRipensare l'organizzazione del lavoro$econcetti e prassi nel modello giapponese$fBenjamin Coriat$gintroduzione di Mirella Giannini 210 $aBari$cDedalo$dc1991 215 $a197 p.$ctab., fig.$d21 cm 225 1 $aNuova biblioteca Dedalo$iSociologia del lavoro$v122 454 0$12001$aPenser à l'envers$913860 610 0 $aIndustria$aOrganizzazione$aAspetti sociali 610 0 $aLavoro$aOrganizzazione$aAspetti sociali 610 0 $aOhnismo 610 0 $aOrganizzazione del lavoro$aGiappone 610 0 $aToyota$aSistema 676 $a306.36 676 $a302.35 676 $a658.3 676 $a331 700 1$aCoriat,$bBenjamin$089499 702 1$aGiannini,$bMirella$f<1948- > 801 0$aIT$bUNINA$gRICA$2UNIMARC 901 $aBK 912 $a990003792290403321 952 $a306.36 COR 1$b3628$fBFS 952 $aCOLLEZ. 878 (122)$b20988$fFSPBC 952 $aC-VIII-68$b2447 dip.$fDDRC 952 $a18100 COR$b11004$fSES 952 $aSE 105.02.05-$b3318$fDECSE 959 $aBFS 959 $aFSPBC 959 $aDDRC 959 $aSES 959 $aDECSE 996 $aPenser a l'envers$913860 997 $aUNINA LEADER 02200nam 2200589 a 450 001 9910457356403321 005 20200520144314.0 010 $a1-283-28236-4 010 $a9786613282361 010 $a0-472-02750-6 024 7 $a10.3998/mpub.2802465 035 $a(CKB)2550000000053625 035 $a(OCoLC)756279459 035 $a(CaPaEBR)ebrary10500659 035 $a(SSID)ssj0000536915 035 $a(PQKBManifestationID)11300972 035 $a(PQKBTitleCode)TC0000536915 035 $a(PQKBWorkID)10552361 035 $a(PQKB)10547917 035 $a(MiAaPQ)EBC3415011 035 $a(MdBmJHUP)muse752 035 $a(MiU)10.3998/mpub.2802465 035 $a(Au-PeEL)EBL3415011 035 $a(CaPaEBR)ebr10500659 035 $a(CaONFJC)MIL328236 035 $a(EXLCZ)992550000000053625 100 $a20110329d2011 uy 0 101 0 $aeng 135 $aurcn||||||||| 181 $ctxt 182 $cc 183 $acr 200 10$aFrom villain to hero$b[electronic resource] $eOdysseus in ancient thought /$fSilvia Montiglio 210 $aAnn Arbor [Mich.] $cUniversity of Michigan Press$dc2011 215 $a1 online resource (239 p.) 300 $aBibliographic Level Mode of Issuance: Monograph 311 $a0-472-11774-2 320 $aIncludes bibliographical references and indexes. 327 $aIntroduction: Setting the stage -- "Odysseus was not . . .": Antisthenes' defense of an abused hero -- Plato's Odysseus: a soldier in the soul -- Yearning for excellence: Odysseus in cynic and stoic thought -- King, friend, and flatterer: Odysseus in epicureanism and beyond -- Between contemplation and action -- Epilogue: Odysseus' virtus and thirst for knowledge in the Renaissance. 606 $aOdysseus (Greek mythology) in literature 608 $aElectronic books. 615 0$aOdysseus (Greek mythology) in literature. 676 $a880.9/351 700 $aMontiglio$b Silvia$f1960-$0169296 712 02$aMichigan Publishing (University of Michigan) 801 0$bMiAaPQ 801 1$bMiAaPQ 801 2$bMiAaPQ 906 $aBOOK 912 $a9910457356403321 996 $aFrom villain to hero$92210091 997 $aUNINA